LEADER 01209nam--2200385---450- 001 990003229580203316 005 20090427163839.0 010 $a978-88-459-2356-2 035 $a000322958 035 $aUSA01000322958 035 $a(ALEPH)000322958USA01 035 $a000322958 100 $a20090427d2009----km-y0itay50------ba 101 $aita 102 $aIT 105 $a||||||||001yy 200 1 $aTempo di regali$ea piedi fino a Costantinopoli: da Hoek Van Holland al medio Danubio$fPatrick Leigh Fermor$gtraduzione di Giovanni Luciani 210 $aMilano$cAdelphi$dcopyr. 2009 215 $a356 p.$cill., ritr., c. geogr.$d22 cm 225 2 $aBiblioteca Adelphi$v537 410 0$12001$aBiblioteca Adelphi$v537 454 1$12001 461 1$1001-------$12001 607 0 $aEuropa centrale$xDescrizioni [e] viaggi$2BNCF 676 $a914.0455 700 1$aFERMOR,$bPatrick Leigh$0449263 702 1$aLUCIANI,$bGiovanni 801 0$aIT$bsalbc$gISBD 912 $a990003229580203316 951 $aVII.3.A. 863$b216284 L.M.$cVII.3.$d00189142 959 $aBK 969 $aUMA 979 $aMARTUCCIEL$b90$c20090427$lUSA01$h1638 996 $aTempo di regali$91013450 997 $aUNISA LEADER 01087nam--2200385---450- 001 990003616190203316 005 20120126121440.0 010 $a88-7097-002-7 035 $a000361619 035 $aUSA01000361619 035 $a(ALEPH)000361619USA01 035 $a000361619 100 $a20120126d1988----km-y0itay50------ba 101 $aita 102 $aIT 105 $a||||||||001yy 200 1 $aScritti minori$eraccolti per iniziativa della Scuola di specializzazione in archeologia dell'Università di Roma La Sapienza$fGuido Barbieri 210 $aRoma$cQuasar$d1988 215 $aXVII,481 p.$cill.$d28 cm 225 2 $aVetera$v3 410 0$12001$aVetera$v3 454 1$12001 461 1$1001-------$12001 606 0 $aStoria romana$2BNCF 606 $aEpigrafia latina$2BNCF 676 $a937 700 1$aBARBIERI,$bGuido$0185382 801 0$aIT$bsalbc$gISBD 912 $a990003616190203316 951 $aXM 128$b8695 DSA 959 $aBK 969 $aDSA 979 $aDSA$b90$c20120126$lUSA01$h1214 996 $aScritti minori$9601370 997 $aUNISA